00705nam a2200181 a 450000100100000000500170001000800410002704000250006810000260009324000540011924501910017326000460036430000210041049000230043170000200045470000260047483000230050000003582720200930074638.0111115s1982 xxua 000 0 spa d aDO-SdBNPbspacBNPHU1 aBoswell, John,d1945-10aThe U. S. Armed Forces survival manual.linglés10aManual de supervivencia :bel libro de las fuerzas armadas de los Estados Unidos /cJohn Boswell en colaboración con George Reiger ; traducción al español por J. López de Castro. aBarcelona :bEdiciones Martínez,c1982. a348 p. ;c20 cm.1 aFontana práctica12aReiger, George.12aLópez de Castro, J. 0aFontana práctica